Normal view
MARC view
Entry Personal Name
001 - CONTROL NUMBER
- control field: 556436
003 - CONTROL NUMBER IDENTIFIER
- control field: OSt
005 - DATE AND TIME OF LATEST TRANSACTION
- control field: 20220930094838.0
008 - FIXED-LENGTH DATA ELEMENTS
- fixed length control field: 220930|| aca||aabn | a|a d
040 ## - CATALOGING SOURCE
- Original cataloging agency: OSt
- Transcribing agency: OSt
100 ## - HEADING--PERSONAL NAME
- Personal name: दिल्ली विश्वविद्यालय. कला संकाय. संस्कृत विभाग
670 ## - SOURCE DATA FOUND
- Source citation: Work cat.: (OSt)887765: मीणा, सुनीता, नाट्यशास्त्रीय ग्रन्थों में उपलब्ध नाट्य तत्त्वों का आधुनिक परिप्रक्ष्य में मूल्यांकन, 2013
